Southville International School and Colleges
Your cart is empty.
  • Cart
  • Lists
    Public lists Eva Luna New books Lux_list list_1
    Your lists Log in to create your own lists
  • Log in to your account
  • Your cookies
  • Search history
Southville International School and Colleges
  • Advanced search
  • Recent comments
  • Most popular
  • Libraries

Log in to your account

Log in with GOOGLE


If you do not have an external account, but do have a local account, you can still log in:

  1. Home
  2. MARC view: Oedipus the king /
Normal view MARC view ISBD view

Oedipus the king / (Record no. 358170)

[ view plain ]
MARC details
000 -LEADER
fixed length control field 00838nam a22002417a 4500
003 - CONTROL NUMBER IDENTIFIER
control field SISC
005 - DATE AND TIME OF LATEST TRANSACTION
control field 20180724150220.0
008 - FIXED-LENGTH DATA ELEMENTS--GENERAL INFORMATION
fixed length control field 180724b xxu||||| |||| 00| 0 eng d
020 ## - INTERNATIONAL STANDARD BOOK NUMBER
International Standard Book Number 9781416500339
050 ## - LIBRARY OF CONGRESS CALL NUMBER
Classification number PA 4413.07
Item number .S66 2005
100 ## - MAIN ENTRY--PERSONAL NAME
Personal name Homer
245 ## - TITLE STATEMENT
Title Oedipus the king /
Statement of responsibility, etc Sophocles; supplementary material written by Frederic Will; series edited by Cynthia Brantley Johnson; translated by Bernard Knox
250 ## - EDITION STATEMENT
Edition statement Complete and unabridged
260 ## - PUBLICATION, DISTRIBUTION, ETC. (IMPRINT)
Place of publication, distribution, etc New York :
Name of publisher, distributor, etc Simon & Schuster paperbacks,
Date of publication, distribution, etc 2009
300 ## - PHYSICAL DESCRIPTION
Extent xxiii,114 pages :
Other physical details illustrations ;
Dimensions 18 cm.
650 ## - SUBJECT ADDED ENTRY--TOPICAL TERM
Topical term or geographic name as entry element Greek drama (Tragedy)
Form subdivision Translations into English
650 ## - SUBJECT ADDED ENTRY--TOPICAL TERM
Topical term or geographic name as entry element Oedipus (Greek mythology)
Form subdivision Drama
700 ## - ADDED ENTRY--PERSONAL NAME
Personal name Will, Frederic
700 ## - ADDED ENTRY--PERSONAL NAME
Personal name Johnson, Cynthia Brantley
700 ## - ADDED ENTRY--PERSONAL NAME
Personal name Knox, Bernard
942 ## - ADDED ENTRY ELEMENTS (KOHA)
Source of classification or shelving scheme Library of Congress Classification
Koha item type Books
Holdings
Withdrawn status Lost status Source of classification or shelving scheme Damaged status Home library Current library Shelving location Date acquired Source of acquisition Sub Shelving location Total Checkouts Total Renewals Full call number Barcode Date last seen Date checked out Price effective from Koha item type
    Library of Congress Classification   Luxembourg Library Luxembourg Library Classic Section 07/24/2018 Library Fund   3 4 PA 4413.07 .S66 2005 20509 09/04/2025 08/29/2025 07/24/2018 Books

Oedipus the king /

APA

Homer, Will F., Johnson C. B. & Knox B. (2009). Oedipus the king. New York: Simon & Schuster paperbacks.

Chicago

Homer, Will Frederic, Johnson Cynthia Brantley and Knox Bernard. 2009. Oedipus the king. New York: Simon & Schuster paperbacks.

Harvard

Homer, Will F., Johnson C. B. and Knox B. (2009). Oedipus the king. New York: Simon & Schuster paperbacks.

MLA

Homer, Will Frederic, Johnson Cynthia Brantley and Knox Bernard. Oedipus the king. New York: Simon & Schuster paperbacks. 2009.

  • Place hold
  • Print
  • Cite
  • Add to your cart (remove)
  • Save record
    BIBTEX Dublin Core MARCXML MARC (non-Unicode/MARC-8) MARC (Unicode/UTF-8) MARC (Unicode/UTF-8, Standard) MODS (XML) RIS
  • More searches
    Search for this title in:
    Other Libraries (WorldCat) Other Databases (Google Scholar) Online Stores (Bookfinder.com) Open Library (openlibrary.org)

Exporting to Dublin Core...

SOUTHVILLE LIBRARY

Southville International School and Colleges Library

1281 Tropical Ave. Cor. Luxembourg St., BF Homes International, Las Pinas City

Tel. No. 8256374 / 252358 Loc. 117/146

Powered by Koha